书目信息 |
| 题名: |
组织工程
|
|
| 作者: | 帕尔森 , 巴蒂亚 著 | |
| 分册: | ||
| 出版信息: | 北京 科学出版社 2004.6 |
|
| 页数: | 407页 | |
| 开本: | 25cm | |
| 丛书名: | 现代生物技术前沿 | |
| 单 册: | ||
| 中图分类: | R329 | |
| 科图分类: | ||
| 主题词: | 人体组织学--生物技术--英文 , 人体组织学 , 生物技术 | |
| 电子资源: | ||
| ISBN: | 7-03-013407-9 | |
| 000 | 00880nam2 2200301 45 | |
| 001 | 012004000000 | |
| 005 | 20050107094934.65 | |
| 010 | @a7-03-013407-9@dCNY 55.00 | |
| 100 | @a20041110d2004 em y0chiy0121 ea | |
| 101 | 1 | @aeng |
| 102 | @aCN@b110000 | |
| 105 | @aak z 001yy | |
| 200 | 1 | @a组织工程@Azu zhi gong cheng@dTissue engineering@f(美)B.Q.帕尔森, S.N.巴蒂亚著@zeng |
| 205 | @a影印版 | |
| 210 | @a北京@c科学出版社@d2004.6 | |
| 215 | @a407页@c图, 表格@d25cm | |
| 225 | 2 | @a现代生物技术前沿 |
| 320 | @a本书含索引和参考书目 | |
| 410 | 0 | @12001 @a现代生物技术前沿 |
| 510 | 1 | @aTissue engineering@zeng |
| 606 | 0 | @a人体组织学@x生物技术@x英文 |
| 606 | 0 | @a人体组织学 |
| 606 | 0 | @a生物技术 |
| 690 | @aR329@v4 | |
| 701 | 1 | @a帕尔森@Apa er sen@bB. Q.@4著 |
| 701 | 1 | @a巴蒂亚@Aba di ya@bS. N.@4著 |
| 801 | 0 | @aCN@bQSSK@c20050107 |
| 905 | @a10447@dR329@eP010 | |
| 组织工程=Tissue engineering/(美)B.Q.帕尔森, S.N.巴蒂亚著.-影印版.-北京:科学出版社,2004.6 |
| 407页:图, 表格;25cm.-(现代生物技术前沿) |
| ISBN 7-03-013407-9:CNY 55.00 |
| ● |
| 相关链接 |
|
|
|
正题名:组织工程
索取号:R329/P010
 
预约/预借
| 序号 | 登录号 | 条形码 | 馆藏地/架位号 | 状态 | 备注 |
| 1 | 435488 | 204354885 | 自科库401/401自科库 14排1列5层/ [索取号:R329/P010] | 在馆 | |
| 2 | 435489 | 204354894 | 自科库401/401自科库 14排1列5层/ [索取号:R329/P010] | 在馆 |